The italian boy : a tale of murder and body snatching in 1830s London

Saved in:
Bibliographic Details
Main Author: Wise, Sarah (Writer on English history)
Format: Book
Language:English
Published: New York : Metropolitan Book, c20024.
Subjects:
Tags: Add Tag
No Tags, Be the first to tag this record!

MARC

LEADER 00000nam a2200000 a 4500
001 1/127022
008 230713s2004####us a ||| |||| ||eng||
020 |a 0805078495  |q (χαρτόδετο)  
040 |a GR-MyUa  |b gre  |c GR-MyUa  |e AACR2 
041 0 |a eng 
082 7 |a 364.152309421   |2 (23) 
100 1 |a Wise, Sarah   |c (Writer on English history) 
245 1 4 |a The italian boy :   |b a tale of murder and body snatching in 1830s London /   |c Sarah Wise.  
260 |a New York :   |b Metropolitan Book,   |c c20024.  
300 |a 375 σ. :   |b εικ. ;   |c 21 εκ.  
504 |a Βιβλιογραφία: σ. 349-356. Ευρετήριο.  
650 0 |a Murder  |z England  |z London  |v Case studies. 
650 0 |a Poor  |x History  |y 19th century  |z England  |z London. 
650 0 |a Body snatching  |x History  |y 19th century  |z England  |z London. 
651 0 |a London (England)  |x Social conditions. 
852 |a INST  |b LESVOS  |e 20230713  |h 364.152309421 WIS  |p 005100064413  |q 005100064413  |t BK  |y 0 
970 |a Καμάτσου  |b Δέσποινα  |z 14-07-2023